|
|
|
|
| LEADER |
00000nab#a22000007a#4500 |
| 001 |
arbauad030014 |
| 003 |
AR-BaUAD |
| 005 |
20250711112444.0 |
| 008 |
980216|||||||||###||||||b###|0###a|spa|| |
| 040 |
|
|
|a AR-BaUAD
|c AR-BaUAD
|b spa
|
| 100 |
|
|
|a Ravaioli, Laura
|
| 245 |
|
|
|a Cucine da vicino /
|c Laura Ravaioli;
|
| 300 |
0 |
|
|b fot.
|
| 653 |
|
|
|a ITALIA
|
| 653 |
|
|
|a ARC LINEA
|
| 653 |
|
|
|a CITTERIO, ANTONIO
|
| 653 |
|
|
|a ABC CUCINE
|
| 653 |
|
|
|a TONDELLI, LORENZO
|
| 653 |
|
|
|a BOFFI
|
| 653 |
|
|
|a LISSONI, PIERO
|
| 653 |
|
|
|a SARILA
|
| 653 |
|
|
|a DORDONI, RODOLFO
|
| 653 |
|
|
|a FERRETTI
|
| 653 |
|
|
|a LAZZERONI, ROBERTO
|
| 653 |
|
|
|a EUROMOBIL
|
| 653 |
|
|
|a GOBBO, ROBERTO
|
| 653 |
|
|
|a VALCUCINE
|
| 653 |
|
|
|a CENTAZZO, GABRIELE
|
| 653 |
|
|
|a CASAKIT
|
| 653 |
|
|
|a LAVIANI, FERRUCCIO
|
| 653 |
|
|
|a BULTHAUP
|
| 653 |
|
|
|a BINOVA
|
| 653 |
|
|
|a NAVA, PAOLO
|
| 653 |
|
|
|a SCHIFFINI
|
| 653 |
|
|
|a MAGISTRETTI, VICO
|
| 653 |
|
|
|a COMPREX
|
| 653 |
|
|
|a CODATO, LINO
|
| 653 |
|
|
|a ROSSANA RB
|
| 653 |
|
|
|a AGNOLI, TITO
|
| 653 |
|
|
|a VARENNA
|
| 653 |
|
|
|a CORSO, MARIANNE
|
| 653 |
|
|
|a GIOMO
|
| 653 |
|
|
|a STUDIO PHOEM
|
| 653 |
|
|
|a EQUIPAMIENTO
|
| 653 |
|
|
|a COCINAS
|
| 653 |
|
|
|a MUEBLES MODULARES
|
| 653 |
|
|
|a MOBILIARIO
|
| 653 |
|
|
|a ACCESORIOS
|
| 653 |
|
|
|a DISEÑO DE INTERIORES
|
| 653 |
|
|
|a DISEÑO INDUSTRIAL
|
| 773 |
0 |
|
|t INTERNI
|g no. 446 [dic. 1994], p. 212-229
|
| 942 |
|
|
|c ARTI
|
| 952 |
|
|
|0 0
|1 0
|4 0
|7 0
|9 74933
|a AR-BAuAD
|b AR-BAuAD
|d 2025-07-11
|l 0
|p AAQA030014
|r 2025-07-11 11:24:44
|w 2025-07-11
|y ARTI
|
| 990 |
|
|
|a AQ199
|b TD
|
| 990 |
|
|
|a DI199
|b TD
|
| 998 |
|
|
|a AAQ
|b BIBUN76
|
| 999 |
|
|
|c 54606
|d 54606
|